00762nam a22002055i 450000500170000001000130001702000260003003500130005603700140006908200080008310000200009124500850011126000270019627000570022330000430028049000260032394200220034999900190037195201660039020180807120717.0 aB-701220 a9789357940474c295.00 aB-701220 bDBADadpl a5071 aAgarwal, Preeti10aNational science Olympiad - 8 :cby Preeti Agrawalbexploring world of science / bV & S Publishersc2016 aF-2/16, Ansari Road, Darya Ganj bNew Delhi e110002 a296p ;b24cm (pbk) cIllus.eC.D.Rome aThe Gen. X series v8 2ddccCHh507mAGA c155599d155599 001040708NFICaAVbAVd2018-08-07eDBAD/Children/Gift/02.08.2018g295.00l12m4o507 AGApB-701220r2024-03-02 00:00:00s2024-01-27t1v295.00w2018-08-07yCH